000 00382nam a2200169Ia 4500
008 230524s9999 xx 000 0 und d
082 _a420
_bKUM
100 _aV.Sasi Kumar
245 0 _aSpoken English
250 _a1ST
260 _aNEW DELHI
_bTMH
_c2005
300 _aXII;201
500 _aQuantity Number: 2
650 _aEnglish
700 _a P.V.Dhamija
942 _cBK
999 _c31698
_d31698